Logo

Description automatically generated
विद्यार्जन
 संसाधन केंद्र, भारतीय प्रौद्योगिकी संस्थान इन्दौर
Learning Resource Center, Indian Institute of Technology Indore

ऑनलाइन सार्वजनिक अभिगम प्रसूची
Online Public Access Catalogue (OPAC)

The mega deals of Warren Buffett : the winning investment strategies behind Buffett's greatest acquisitions (Record no. 57325)

MARC details
000 -LEADER
fixed length control field 00624nam a2200205Ia 4500
005 - DATE AND TIME OF LATEST TRANSACTION
control field 20260629163255.0
008 - FIXED-LENGTH DATA ELEMENTS--GENERAL INFORMATION
fixed length control field 260629s9999||||xx |||||||||||||| ||und||
020 ## - INTERNATIONAL STANDARD BOOK NUMBER
International Standard Book Number 9789393559753
Qualifying information pbk
082 ## - DEWEY DECIMAL CLASSIFICATION NUMBER
Classification number 332.6
Item number ARN
100 ## - MAIN ENTRY--PERSONAL NAME
Personal name Arnold, Glen
245 #4 - TITLE STATEMENT
Title The mega deals of Warren Buffett : the winning investment strategies behind Buffett's greatest acquisitions
260 ## - PUBLICATION, DISTRIBUTION, ETC.
Place of publication, distribution, etc. Mumbai
Name of publisher, distributor, etc. Jaico Pubishing House
Date of publication, distribution, etc. 2021
300 ## - PHYSICAL DESCRIPTION
Extent xxi, 300p. ; 22cm.
653 ## - INDEX TERM--UNCONTROLLED
Uncontrolled term Buffett, Warren E.
653 ## - INDEX TERM--UNCONTROLLED
Uncontrolled term Finance, Personal
653 ## - INDEX TERM--UNCONTROLLED
Uncontrolled term Investment analysis
653 ## - INDEX TERM--UNCONTROLLED
Uncontrolled term Investments
653 ## - INDEX TERM--UNCONTROLLED
Uncontrolled term Value investing
942 ## - ADDED ENTRY ELEMENTS (KOHA)
Koha item type Book
Holdings
Withdrawn status Lost status Damaged status Not for loan Home library Current library Shelving location Date acquired Source of acquisition Total Checkouts Full call number Barcode Date last seen Price effective from Koha item type
        LRC, IIT Indore LRC, IIT Indore 3rd Floor - General Stack 29/06/2026 Gratis Book Price: INR 499.00   332.6 ARN G2550 29/06/2026 29/06/2026 Book
Copyright © 2017-2026 Indian Institute of Technology Indore. All Rights Reserved.
Managed & maintained by Learning Resource Center, IIT Indore